Plantas utilizadas contra mordedura de serpientes en Antioquia y Chocó, Colombia (Registro nro. 2394)

Detalles MARC
000 -CABECERA
Campo de control 00948nam a2200301 a 4500
005 - FECHA Y HORA DE LA ULTIMA TRANSACCION
Campo de control 20191224041634.0
008 - ELEMENTOS DE LONGITUD FIJA—INFORMACION GENERAL
Campo de control 140305b2000 ck ||||| |||| 00| 0 spa d
020 ## - ISBN
ISBN 9583320315
040 ## - FUENTE DE CATALOGACIÓN
Agencia catalogadora original CO-BoIAVH
Agencia transcriptora CO-BoIAVH
041 ## - IDIOMA
Código de idioma para texto/pista de sonido o título separado Español
044 ## - PAÍS DE PUBLICACIÓN
País de publicación Colombia
082 10 - NUMERO DE CLASIFICACION DECIMAL DEWEY
Número de clasificación 581.6340986
Número del ítem O87p
100 1# - ASIENTO PRINCIPAL--NOMBRE PERSONAL
Nombre personal Otero P., Rafael
9 (RLIN) 15750
245 10 - MENCION DE TITULO
Título Plantas utilizadas contra mordedura de serpientes en Antioquia y Chocó, Colombia
260 ## - PUBLICACION, DISTRIBUCION, ETC. (PIE DE IMPRENTA)
Lugar de publicación, distribución, etc. Medellín:
Nombre del editor, distribuidor, etc. Universidad de Antioquia,
Fecha de publicación, distribución, etc. 2000.
300 ## - DESCRIPCION FISICA
Extensión 402 páinas.
650 14 - ASIENTO SECUNDARIO DE MATERIA - TERMINO TEMATICO
Término temático o nombre geográfico como elemento de entrada Serpientes
Subdivisión geográfica Colombia
9 (RLIN) 44964
650 14 - ASIENTO SECUNDARIO DE MATERIA - TERMINO TEMATICO
Término temático o nombre geográfico como elemento de entrada Plantas medicinales
Subdivisión geográfica Colombia
9 (RLIN) 44965
650 14 - ASIENTO SECUNDARIO DE MATERIA - TERMINO TEMATICO
Término temático o nombre geográfico como elemento de entrada Etnobotánica
9 (RLIN) 44966
650 14 - ASIENTO SECUNDARIO DE MATERIA - TERMINO TEMATICO
Término temático o nombre geográfico como elemento de entrada Descripciones taxonómicas
9 (RLIN) 44967
650 14 - ASIENTO SECUNDARIO DE MATERIA - TERMINO TEMATICO
Término temático o nombre geográfico como elemento de entrada Fitoquímica
9 (RLIN) 4184
650 ## - ASIENTO SECUNDARIO DE MATERIA - TERMINO TEMATICO
Término temático o nombre geográfico como elemento de entrada Uso de biodiversidad
9 (RLIN) 343
662 ## - ASIENTO SECUNDARIO DE MATERIA - JERARQUIA DEL NOMBRE DE LUGAR(
País o entidad mayor Colombia
Jurisdicción política de primer orden Antioquia
662 ## - ASIENTO SECUNDARIO DE MATERIA - JERARQUIA DEL NOMBRE DE LUGAR(
País o entidad mayor Colombia
Jurisdicción política de primer orden Chocó
700 1# - ASIENTO SECUNDARIO - NOMBRE PERSONAL
Nombre personal Fonnegra G., Ramiro
9 (RLIN) 5087
700 1# - ASIENTO SECUNDARIO - NOMBRE PERSONAL
Nombre personal Jiménez R., Silvia Luz
9 (RLIN) 15754
942 ## - ELEMENTOS ADICIONALES (KOHA)
Tipo de ítem Libro
Sistema de clasificación Dewey Decimal Classification
Existencias
Withdrawn status Lost status Sistema de Clasificación Damaged status No para préstamo Colección Inventariado Ubicación Permanente Ubicación actual Fecha de adquisición Fuente de Valor Valor Total Checkouts Número topográfico Inventario / Código de Barras Date last seen Ejemplar Price effective from Forma de adquisición Tipo de material
    Dewey Decimal Classification     General Inventariado 2017 Bogotá Bogotá 14/07/2001 Instituto 39000.00   LB-581.6340986 O87p 002964 04/12/2012 Ej. 1 04/12/2012   Libro